| 000 | 00773nam a2200265Ia 4500 | ||
|---|---|---|---|
| 005 | 20250425161922.0 | ||
| 008 | 250425s9999 xx 000 0 und d | ||
| 041 | _aspa | ||
| 043 | _aho | ||
| 082 | _a374 | ||
| 100 | _aHADDAD, SAM | ||
| 245 | 0 | _aEDUCACION PERMANENTE DE PERSONAL DE SALUD: LA GESTION DEL TRABAJO-APRENDIZAJE EN LOS SERVICIOS DE SALUD | |
| 250 | _aS.E. | ||
| 260 |
_aHonduras _bORGANIZACION PANAMERICANA DE LA SALUD _c1997 |
||
| 260 | _aS.L. | ||
| 300 | _a283 | ||
| 500 | _aSERIE DE PUBLICACIONES CIENTIFICO-TENICAS No.17 | ||
| 650 | _aEDUCACION DE ADULTOS | ||
| 650 | _aGESTION DE SERVICIOS DE SALUD | ||
| 650 | _aSALUD | ||
| 650 | _aSALUD PUBLICA | ||
| 710 | _aORGANIZACION PANAMERICANA DE LA SALUD | ||
| 942 | _c01 | ||
| 010 | _a34902 | ||
| 999 |
_c218834 _d218834 |
||